<?xml version="1.0" encoding="UTF-8"?><?xml-stylesheet type="text/xsl" href="static/style.xsl"?><OAI-PMH xmlns="http://www.openarchives.org/OAI/2.0/" xmlns:xsi="http://www.w3.org/2001/XMLSchema-instance" xsi:schemaLocation="http://www.openarchives.org/OAI/2.0/ http://www.openarchives.org/OAI/2.0/OAI-PMH.xsd"><responseDate>2026-06-01T19:59:52Z</responseDate><request verb="GetRecord" identifier="oai:riuma.uma.es:10630/14191" metadataPrefix="marc">https://riuma.uma.es/rest/oai/request</request><GetRecord><record><header><identifier>oai:riuma.uma.es:10630/14191</identifier><datestamp>2026-02-03T12:02:52Z</datestamp><setSpec>com_10630_2254</setSpec><setSpec>col_10630_37959</setSpec></header><metadata><record xmlns="http://www.loc.gov/MARC21/slim" xmlns:dcterms="http://purl.org/dc/terms/" xmlns:doc="http://www.lyncode.com/xoai" xmlns:xsi="http://www.w3.org/2001/XMLSchema-instance" xsi:schemaLocation="http://www.loc.gov/MARC21/slim http://www.loc.gov/standards/marcxml/schema/MARC21slim.xsd">
   <leader>00925njm 22002777a 4500</leader>
   <datafield ind2=" " ind1=" " tag="042">
      <subfield code="a">dc</subfield>
   </datafield>
   <datafield ind2=" " ind1=" " tag="720">
      <subfield code="a">Sánchez-Molina, María</subfield>
      <subfield code="e">author</subfield>
   </datafield>
   <datafield ind2=" " ind1=" " tag="260">
      <subfield code="c">2017-07-11</subfield>
   </datafield>
   <datafield ind2=" " ind1=" " tag="520">
      <subfield code="a">Self-assembled monolayers (SAMs) of thiols on gold surfaces have attracted widespread interest as they can serve as structural and/or functional parts of biosensors, drug-delivery systems, electronics devices, among other applications. [1]&#xd;
&#xd;
For this purpose, tripodal oligo p-phenylenes have been studied since they can organize and control the spatial arrangement of molecules on flat substrates. These tripodal molecules consist of three legs with phenyl units bearing anchor groups, while the fourth is the terminal functional arm, which is expected to protrude from the surface and may be further functionalized. [2, 3] &#xd;
 &#xd;
An efficient synthesis of two molecular tripods (1 and 2) with two and four phenyl units in every leg is reported. Each leg is end-capped with a thioacetate group, due to they are intended to provide well-ordered structures in gold surfaces, generating self-assembled monolayers by removing in situ the thioacetate protecting group in basic conditions.</subfield>
   </datafield>
   <datafield ind1="8" ind2=" " tag="024">
      <subfield code="a">http://hdl.handle.net/10630/14191</subfield>
   </datafield>
   <datafield tag="653" ind2=" " ind1=" ">
      <subfield code="a">Química orgánica</subfield>
   </datafield>
   <datafield ind2="0" ind1="0" tag="245">
      <subfield code="a">Synthesis of Molecular Tripods Functionalized with Thioacetate Groups. Model Molecules for Gold Substrates Nanostructuration</subfield>
   </datafield>
</record>
</metadata></record></GetRecord></OAI-PMH>